Le droit de la guerre maritime d'après les doctrines anglaises contemporaines / (Record no. 53247)

MARC details
000 -LEADER
campo de control de longitud fija 00531nam a22001695i 4500
001 - NÚMERO DE CONTROL
campo de control 53247
003 - IDENTIFICADOR DE NÚMERO DE CONTROL
campo de control ES-MaACL
005 - FECHA Y HORA DE LA ÚLTIMA TRANSACCIÓN
campo de control 20230906162731.0
007 - CAMPO FIJO DE DESCRIPCIÓN FÍSICA--INFORMACIÓN GENERAL
campo de control de longitud fija t|
008 - DATOS DE LONGITUD FIJA--INFORMACIÓN GENERAL
campo de control de longitud fija 950912s1899 fr ||||1| fre d
040 ## - FUENTE DE CATALOGACIÓN
Centro catalogador/agencia de origen CAM
Lengua de catalogación spa
Centro/agencia transcriptor CAM
100 1# - ENTRADA PRINCIPAL--NOMBRE DE PERSONA
Nombre de persona Dupuis, Charles.
9 (RLIN) 46125
245 13 - MENCIÓN DEL TÍTULO
Título Le droit de la guerre maritime d'après les doctrines anglaises contemporaines /
Mención de responsabilidad, etc. par Charles Dupuis.
260 ## - PUBLICACIÓN, DISTRIBUCIÓN, ETC.
Lugar de publicación, distribución, etc. Paris :
Nombre del editor, distribuidor, etc. A. Pedone,
Fecha de publicación, distribución, etc. 1899 (
Lugar de fabricación/manufactura A La Rochelle :
Fabricante Noel Texier)
300 ## - DESCRIPCIÓN FÍSICA
Extensión XX, 476 p. ;
Dimensiones 22 cm.
852 ## - LOCALIZACIÓN
Ubicación ES-MaACL
Número de control de estantería F-6590
Holdings
Estatus retirado Estado de pérdida Estado de daño No para préstamo Colección Biblioteca de origen Biblioteca actual Ubicación en estantería Fecha de adquisición Fuente de adquisición Total de préstamos Signatura topográfica completa Código de barras Visto por última vez Precio de reemplazo Tipo de ítem Koha
        Libros del s. XIX Biblioteca del Ateneo de Madrid Biblioteca del Ateneo de Madrid Depósito 2 17/01/2008     F-6590 1055947 23/02/2023 23/02/2023 Libro impreso antiguo